000 00419nam a2200181Ia 4500
008 230524s9999 xx 000 0 und d
020 _a8173194998
082 _a510.13
_bJAI
100 _aPawan K.Jain
245 0 _aMatric Spaces
250 _a2ND
260 _aNEW DELHI
_bNarosa
_c2005
300 _aXVI;150
500 _aQuantity Number: 2
650 _aMathematics
700 _a Khalil Ahmad
942 _cBK
999 _c16045
_d16045